| 000 | 00381nam a22001577a 4500 | ||
|---|---|---|---|
| 999 |
_c533060 _d533060 |
||
| 003 | NUST | ||
| 005 | 20191211123000.0 | ||
| 008 | 191211b ||||| |||| 00| 0 eng d | ||
| 038 | _aMSOHAIL | ||
| 082 | _a625.8 TRB | ||
| 100 |
_aTRB _919556 |
||
| 245 | _aPavement Management , Rehabilitation and Weigh -in-Motion | ||
| 260 |
_aTRB _cc1986 |
||
| 300 | _a150;p; | ||
| 942 |
_2ddc _cBK |
||